[Event "Regionalliga NW 0102"]
[Site "Bayern"]
[Date "2001.11.25"]
[Round "3.2"]
[White "Sterk, Joachim"]
[Black "Seidel, Michael"]
[Result "1/2-1/2"]
[WhiteElo "2000"]
[BlackElo "2030"]
[PlyCount "57"]
[EventDate "2001.10.07"]
[EventType "team-tourn"]
[EventRounds "9"]
[EventCountry "GER"]
[SourceTitle "EXT 2003"]
[Source "ChessBase"]
[SourceDate "2002.11.25"]
[SourceVersion "1"]
[SourceVersionDate "2002.11.25"]
[SourceQuality "1"]
[WhiteTeam "Obernburg"]
[BlackTeam "Hof"]
[WhiteTeamCountry "GER"]
[BlackTeamCountry "GER"]

1. e4 d6 2. d4 Nf6 3. Nc3 g6 4. f4 Bg7 5. Nf3 0-0 6. Bc4 Nxe4 7. Bxf7+ Rxf7 8. Nxe4 d5 9. Neg5 Rf8 10. Ne5 c5 11. c3 cxd4 12. cxd4 Qb6 13. 0-0 Nc6 14. Be3 Bf5 15. g4 Nxe5 16. fxe5 Bd7 17. Qe2 Bb5 18. Rxf8+ Rxf8 19. Qg2 e6 20. Re1 h6 21. Nf3 Bd3 22. b3 Be4 23. Rf1 Bxe5 24. Nxe5 Bxg2 25. Rxf8+ Kg7 26. Rf7+ Kg8 27. Rf8+ Kg7 28. Rf7+ Kg8 29. Rf8+ 1/2-1/2

[Event "Landesliga Nord 0001"]
[Site "Bayern"]
[Date "2001.02.18"]
[Round "6"]
[White "Sterk, Joachim"]
[Black "Werner, Claus"]
[Result "0-1"]
[WhiteElo "2010"]
[BlackElo "2115"]
[PlyCount "36"]
[EventDate "2000.10.15"]
[EventType "team-tourn"]
[EventRounds "9"]
[EventCountry "GER"]
[SourceTitle "EXT 2020"]
[Source "ChessBase"]
[SourceDate "2019.10.17"]
[SourceVersion "1"]
[SourceVersionDate "2019.10.17"]
[SourceQuality "1"]
[WhiteTeam "Obernburg"]
[BlackTeam "Neutraubling Wacker"]
[WhiteTeamCountry "GER"]
[BlackTeamCountry "GER"]

1. e4 e6 2. d3 d5 3. Nd2 c5 4. g3 Nc6 5. Bg2 g6 6. Ngf3 Bg7 7. 0-0 Nge7 8. Re1 0-0 9. Nf1 Qc7 10. c3 b6 11. Qa4 Bb7 12. exd5 Nxd5 13. Qh4 Nce7 14. Bh6 Nf5 15. Bf4 e5 16. Bxe5 Bxe5 17. Qh3 Bg7 18. g4 Nf4 0-1

[Event "Landesliga Nord 9900"]
[Site "Bayern"]
[Date "2000.03.26"]
[Round "8.6"]
[White "Sterk, Joachim"]
[Black "Saring, Christoph"]
[Result "1-0"]
[WhiteElo "2005"]
[BlackElo "1970"]
[PlyCount "53"]
[EventDate "1999.10.10"]
[EventType "team-tourn"]
[EventRounds "9"]
[EventCountry "GER"]
[SourceTitle "EXT 2020"]
[Source "ChessBase"]
[SourceDate "2019.10.17"]
[SourceVersion "1"]
[SourceVersionDate "2019.10.17"]
[SourceQuality "1"]
[WhiteTeam "Obernburg"]
[BlackTeam "Bamberg SC II"]
[WhiteTeamCountry "GER"]
[BlackTeamCountry "GER"]

1. e4 e5 2. Nf3 Nf6 3. d3 Nc6 4. g3 d5 5. exd5 Nxd5 6. Bg2 Bg4 7. h3 Bh5 8. 0-0 Bc5 9. Nc3 Nxc3 10. bxc3 0-0 11. Qe1 Qd6 12. Be3 f5 13. Bxc5 Qxc5 14. Nxe5 Qxe5 15. Bxc6 Qd6 16. Bxb7 Rae8 17. Qd2 f4 18. g4 f3 19. Rfe1 c6 20. Rxe8 Bxe8 21. Re1 h5 22. Qg5 hxg4 23. hxg4 Bd7 24. Ba6 Rf6 25. Bc4+ Be6 26. Rxe6 Rxe6 27. Qf5 1-0

[Event "Landesliga Nord 9900"]
[Site "Bayern"]
[Date "2000.03.12"]
[Round "7.6"]
[White "Jauernig, Udo"]
[Black "Sterk, Joachim"]
[Result "1-0"]
[WhiteElo "2200"]
[BlackElo "2005"]
[PlyCount "123"]
[EventDate "1999.10.10"]
[EventType "team-tourn"]
[EventRounds "9"]
[EventCountry "GER"]
[SourceTitle "EXT 2020"]
[Source "ChessBase"]
[SourceDate "2019.10.17"]
[SourceVersion "1"]
[SourceVersionDate "2019.10.17"]
[SourceQuality "1"]
[WhiteTeam "Regensburg Fortuna"]
[BlackTeam "Obernburg"]
[WhiteTeamCountry "GER"]
[BlackTeamCountry "GER"]

1. Nf3 d5 2. d4 Nf6 3. c4 e6 4. g3 Be7 5. Bg2 0-0 6. 0-0 c6 7. Qc2 Nbd7 8. Nbd2 Re8 9. b3 b6 10. e4 dxe4 11. Nxe4 Nxe4 12. Qxe4 Bb7 13. Bb2 Qc7 14. Rad1 Rad8 15. Bc3 c5 16. Qe2 Bf6 17. Qb2 Bxf3 18. Bxf3 cxd4 19. Bxd4 Bxd4 20. Qxd4 Ne5 21. Qe3 Nxf3+ 22. Qxf3 g6 23. Qc3 Rxd1 24. Rxd1 Rd8 25. Rxd8+ Qxd8 26. b4 h5 27. h4 Qd1+ 28. Kg2 Kf8 29. a3 Ke7 30. Qe3 Qd6 31. Kh2 Qc6 32. Qf4 Qd6 33. Qe4 Kd7 34. Qf3 Ke7 35. Qb7+ Qd7 36. Qa8 Qc7 37. Qe4 Qd7 38. c5 bxc5 39. bxc5 Qd5 40. Qb4 Kf6 41. a4 e5 42. Qc3 Ke6 43. c6 Qd4 44. Qc2 Qd8 45. c7 Qc8 46. Qc6+ Ke7 47. a5 a6 48. Kg2 f6 49. f3 g5 50. Kf2 g4 51. fxg4 hxg4 52. h5 Kf7 53. Kg2 Kg7 54. Kh2 f5 55. Qg6+ Kh8 56. Qf6+ Kh7 57. Qd8 Qb7 58. Qe7+ Kh6 59. Qf6+ Kh7 60. Qxf5+ Kg7 61. c8Q Qb2+ 62. Qcc2 1-0

[Event "Landesliga Nord 9900"]
[Site "Bayern"]
[Date "2000.01.30"]
[Round "5.6"]
[White "Sterk, Joachim"]
[Black "Werner, Claus"]
[Result "1/2-1/2"]
[WhiteElo "2005"]
[BlackElo "2090"]
[PlyCount "51"]
[EventDate "1999.10.10"]
[EventType "team-tourn"]
[EventRounds "9"]
[EventCountry "GER"]
[SourceTitle "EXT 2020"]
[Source "ChessBase"]
[SourceDate "2019.10.17"]
[SourceVersion "1"]
[SourceVersionDate "2019.10.17"]
[SourceQuality "1"]
[WhiteTeam "Obernburg"]
[BlackTeam "Neutraubling"]
[WhiteTeamCountry "GER"]
[BlackTeamCountry "GER"]

1. e4 c5 2. Nf3 d6 3. d4 cxd4 4. Nxd4 Nf6 5. Nc3 Nc6 6. Be2 e5 7. Nb3 Be7 8. 0-0 0-0 9. f4 a5 10. Kh1 a4 11. Nd2 d5 12. exd5 Nxd5 13. Nxd5 Qxd5 14. fxe5 Nxe5 15. Nc4 Qxd1 16. Rxd1 Nxc4 17. Bxc4 Bg4 18. Rf1 Bf6 19. Rb1 Rfe8 20. Bd2 Be2 21. Bxe2 Rxe2 22. Bc3 Rxc2 23. Bxf6 gxf6 24. Rxf6 Rd8 25. Rb6 Rdd2 26. Rxb7 1/2-1/2

[Event "Landesliga Nord 9798"]
[Site "Bayern"]
[Date "1998.03.01"]
[Round "7.5"]
[White "Sterk, Joachim"]
[Black "Straschewski, Joerg"]
[Result "0-1"]
[WhiteElo "2050"]
[BlackElo "1942"]
[PlyCount "122"]
[EventDate "1997.10.19"]
[EventType "team-tourn"]
[EventRounds "9"]
[EventCountry "GER"]
[SourceTitle "EXT 2020"]
[Source "ChessBase"]
[SourceDate "2019.10.17"]
[SourceVersion "1"]
[SourceVersionDate "2019.10.17"]
[SourceQuality "1"]
[WhiteTeam "Obernburg"]
[BlackTeam "Cham"]
[WhiteTeamCountry "GER"]
[BlackTeamCountry "GER"]

1. e4 g6 2. d4 Bg7 3. Nf3 d6 4. Bc4 e6 5. 0-0 a6 6. a4 b6 7. Nc3 Ne7 8. Bg5 h6 9. Be3 Nd7 10. Qd2 Bb7 11. Bd3 Nf6 12. h3 g5 13. e5 Nfd5 14. Nxd5 Bxd5 15. exd6 cxd6 16. Qe2 Bb7 17. c4 0-0 18. Nh2 e5 19. dxe5 dxe5 20. Rfd1 Qc7 21. f3 Nc6 22. Qf2 Nd4 23. Bxd4 exd4 24. Nf1 Qf4 25. g3 Qxf3 26. Qxf3 Bxf3 27. Re1 Rfe8 28. Kf2 Bc6 29. b3 a5 30. Rad1 Kf8 31. g4 Be5 32. Bf5 Rad8 33. Rd3 Kg7 34. Nd2 Bf4 35. Rxe8 Rxe8 36. Nf3 Be3+ 37. Kg3 Rd8 38. Ne1 Kf6 39. Nc2 Bf4+ 40. Kf2 Ke5 41. Rd1 h5 42. Re1+ Kf6 43. Rd1 Be5 44. Ne1 hxg4 45. hxg4 Rh8 46. Nf3 Rh3 47. Rd3 Bxf3 48. Rxf3 Rh2+ 49. Kg1 Ke7 50. Be4 f6 51. Rf2 Rh3 52. Rf3 Rxf3 53. Bxf3 Kd6 54. Kf2 Kc5 55. Ke2 Kb4 56. Kd3 Kxb3 57. Bc6 Kb4 58. Bb5 f5 59. gxf5 g4 60. Bd7 g3 61. Bc6 Bf6 0-1

[Event "Landesliga Nord 9798"]
[Site "Bayern"]
[Date "1997.10.19"]
[Round "1.4"]
[White "Gehlert, Klaus"]
[Black "Sterk, Joachim"]
[Result "1-0"]
[WhiteElo "2075"]
[BlackElo "2050"]
[PlyCount "65"]
[EventDate "1997.10.19"]
[EventType "team-tourn"]
[EventRounds "9"]
[EventCountry "GER"]
[SourceTitle "EXT 2020"]
[Source "ChessBase"]
[SourceDate "2019.10.17"]
[SourceVersion "1"]
[SourceVersionDate "2019.10.17"]
[SourceQuality "1"]
[WhiteTeam "Wuerzburg II"]
[BlackTeam "Obernburg"]
[WhiteTeamCountry "GER"]
[BlackTeamCountry "GER"]

1. d4 Nf6 2. c4 e6 3. Nc3 d5 4. cxd5 exd5 5. Bg5 Be7 6. Qc2 0-0 7. e3 c6 8. Bd3 Nbd7 9. Nge2 Re8 10. 0-0 Nf8 11. Rae1 Ng4 12. Bf4 Bd6 13. h3 Bxf4 14. Nxf4 Nf6 15. b4 Ne6 16. Nxe6 Bxe6 17. Rb1 b5 18. a4 a6 19. Rb2 g6 20. Ra1 Qe7 21. Qb1 Bd7 22. Rba2 Rac8 23. Ne2 Ne4 24. Bxe4 dxe4 25. axb5 axb5 26. Ra7 Qd6 27. Nc3 f5 28. R1a6 Qe7 29. Qb3+ Kh8 30. d5 cxd5 31. Qxd5 Rxc3 32. Rxd7 Rc1+ 33. Kh2 1-0

[Event "Oberliga Bayern 9697"]
[Site "Bayern"]
[Date "1997.??.??"]
[Round "?"]
[White "Basel, Matthias"]
[Black "Sterk, Joachim"]
[Result "1/2-1/2"]
[WhiteElo "2055"]
[BlackElo "2050"]
[PlyCount "46"]
[EventDate "1996.10.13"]
[EventType "team-tourn"]
[EventRounds "9"]
[EventCountry "GER"]
[SourceTitle "EXT 2020"]
[Source "ChessBase"]
[SourceDate "2019.10.17"]
[SourceVersion "1"]
[SourceVersionDate "2019.10.17"]
[SourceQuality "1"]
[WhiteTeam "Kitzingen SC"]
[BlackTeam "Obernburg"]
[WhiteTeamCountry "GER"]
[BlackTeamCountry "GER"]

1. d4 d5 2. Nf3 Nf6 3. c4 e6 4. Nc3 c6 5. cxd5 exd5 6. Bg5 Be7 7. e3 0-0 8. Qc2 Nbd7 9. Bd3 Re8 10. 0-0 h6 11. Bf4 Nf8 12. h3 Bd6 13. Ne5 Qe7 14. Bh2 N6d7 15. Nf3 Bxh2+ 16. Kxh2 Qd6+ 17. Kg1 Nf6 18. Rac1 Be6 19. Na4 N8d7 20. b4 Rac8 21. Nc5 b6 22. Nxe6 fxe6 23. Qa4 b5 1/2-1/2

[Event "Oberliga Bayern 9697"]
[Site "Bayern"]
[Date "1997.??.??"]
[Round "?"]
[White "Bintakies, Michael"]
[Black "Sterk, Joachim"]
[Result "1/2-1/2"]
[WhiteElo "2200"]
[BlackElo "2050"]
[PlyCount "91"]
[EventDate "1996.10.13"]
[EventType "team-tourn"]
[EventRounds "9"]
[EventCountry "GER"]
[SourceTitle "EXT 2020"]
[Source "ChessBase"]
[SourceDate "2019.10.17"]
[SourceVersion "1"]
[SourceVersionDate "2019.10.17"]
[SourceQuality "1"]
[WhiteTeam "Goeggingen"]
[BlackTeam "Obernburg"]
[WhiteTeamCountry "GER"]
[BlackTeamCountry "GER"]

1. e4 d5 2. exd5 Qxd5 3. Nc3 Qd6 4. d4 Nf6 5. Nf3 a6 6. Bg5 Nbd7 7. Qd2 b5 8. Bf4 Qb6 9. Be2 Bb7 10. 0-0 e6 11. Ne5 Nxe5 12. Bxe5 Bd6 13. Qg5 h6 14. Qg3 Bxe5 15. dxe5 Nd7 16. Bf3 Bxf3 17. Qxf3 0-0 18. Rfe1 Rad8 19. Rad1 b4 20. Nb1 Qc5 21. Qe4 Nxe5 22. Nd2 Nd7 23. Nb3 Qb6 24. Qd4 Qb8 25. Qc4 Qb6 26. Qd4 c5 27. Qd6 c4 28. Qxb6 Nxb6 29. Nc5 Rd5 30. Nxa6 Rfd8 31. Rb1 Rb5 32. Red1 Rxd1+ 33. Rxd1 Nd5 34. Ra1 Ra5 35. Nb8 Ne7 36. Nd7 Rd5 37. Nb6 Rd2 38. Rc1 c3 39. bxc3 bxc3 40. Kf1 Nd5 41. Nxd5 exd5 42. a4 d4 43. a5 d3 44. cxd3 Rxd3 45. a6 Rd6 46. Rxc3 1/2-1/2

[Event "Regionalliga NW 9495"]
[Site "Bayern"]
[Date "1995.??.??"]
[Round "?.4"]
[White "Sterk, Joachim"]
[Black "Doerfler, Mathias"]
[Result "1-0"]
[WhiteElo "2085"]
[BlackElo "1840"]
[PlyCount "77"]
[EventDate "1994.10.??"]
[EventType "team-tourn"]
[EventRounds "9"]
[EventCountry "GER"]
[SourceTitle "EXT 1999"]
[Source "ChessBase"]
[SourceDate "1998.11.16"]
[SourceVersion "1"]
[SourceVersionDate "1998.11.16"]
[SourceQuality "1"]
[WhiteTeam "Obernburg"]
[BlackTeam "GrBayr"]
[WhiteTeamCountry "GER"]
[BlackTeamCountry "GER"]

1. e4 c5 2. Nf3 d6 3. d4 cxd4 4. Nxd4 Nf6 5. Nc3 a6 6. Be2 e5 7. Nb3 Qc7 8. 0-0 Be7 9. Bg5 Nbd7 10. a4 b6 11. f4 Bb7 12. Bf3 h6 13. Bxf6 Nxf6 14. Qe2 0-0 15. f5 Nh7 16. g3 Rac8 17. h4 Qd8 18. Rf2 Kh8 19. Rd1 Rg8 20. Bh5 Qe8 21. Qe3 Nf6 22. Bf3 Nd7 23. Bg2 Qd8 24. Bh3 Rb8 25. Rg2 Nc5 26. Nxc5 bxc5 27. b3 Bc6 28. Rgd2 f6 29. Bf1 Qc8 30. Bc4 Rd8 31. g4 Rf8 32. Rg2 Be8 33. g5 fxg5 34. hxg5 h5 35. Nd5 Bd8 36. g6 Bf6 37. Nxf6 Rxf6 38. Qh6+ gxh6 39. g7+ 1-0

[Event "Regionalliga NW 9495"]
[Site "Bayern"]
[Date "1994.??.??"]
[Round "?.4"]
[White "Sterk, Joachim"]
[Black "Schell, Walter"]
[Result "1/2-1/2"]
[WhiteElo "2085"]
[BlackElo "2030"]
[PlyCount "81"]
[EventDate "1994.10.??"]
[EventType "team-tourn"]
[EventRounds "9"]
[EventCountry "GER"]
[SourceTitle "EXT 1999"]
[Source "ChessBase"]
[SourceDate "1998.11.16"]
[SourceVersion "1"]
[SourceVersionDate "1998.11.16"]
[SourceQuality "1"]
[WhiteTeam "Obernburg"]
[BlackTeam "Sailauf "]
[WhiteTeamCountry "GER"]
[BlackTeamCountry "GER"]

1. e4 e5 2. Nf3 Nc6 3. Bc4 Nf6 4. d4 exd4 5. 0-0 Bc5 6. e5 d5 7. exf6 dxc4 8. Re1+ Be6 9. fxg7 Rg8 10. Bg5 Be7 11. Bxe7 Kxe7 12. Ng5 Rxg7 13. Qh5 Qd5 14. f4 Rag8 15. g3 Nb4 16. Re5 Rxg5 17. Qh4 Qxe5 18. fxe5 Nxc2 19. Nd2 Nxa1 20. Ne4 h6 21. Nxg5 Rxg5 22. Qxd4 b6 23. Qc3 Rf5 24. g4 Rg5 25. h3 h5 26. Qc1 Rxe5 27. Qxa1 hxg4 28. hxg4 Rg5 29. Qe1 Rxg4+ 30. Kh2 a5 31. Qe5 Kd7 32. Qb5+ Kd6 33. Qh5 Rg6 34. Qh8 Bd5 35. Qd8+ Kc6 36. Qa8+ Kc5 37. Qf8+ Kd4 38. Qh8+ Kc5 39. Qf8+ Kc6 40. Qa8+ Kc5 41. Qf8+ 1/2-1/2